Państwa z największym odsetkiem niebieskookich - Statystyki

Ogólne statystyki
  • Ten quiz został rozwiązany 300 razy
    266 od ostatniego zresetowania
  • Średni wynik to 14 z 17
Statystyki odpowiedzi
Odsetek
niebieskookich
Państwo % Poprawnych
53% Polska
98%
40% Niemcy
94%
78% Szwecja
92%
55% Norwegia
91%
89% Finlandia
89%
60% Dania
88%
47% Wielka Brytania
86%
22% Francja
85%
17% Stany Zjednoczone
84%
25% Ukraina
83%
75% Islandia
81%
61% Holandia
79%
90% Estonia
77%
29% Belgia
76%
57% Irlandia
75%
16% Hiszpania
56%
45% Słowenia
42%
Nie znaleziono quizów pasujących do podanych kryteriów
Rozkład punktacji
Procent ludzi z każdym wynikiem
Percentyl według liczby udzielonych odpowiedzi
Twoja historia wyników
Nie rozwiązałeś tego quizu od ostatniego zresetowania